1570 1373 1650 1591 1764 1153 1240 1958 1754 1074 1043 1143 1595 1752 1631 1195 1810 1456 1818 1839 1750 1976 1495 1822 1647 1041 1506 1465 1047 1501 1760 1881 1264 1029 1383 1663 1861 1122 1573 1604 1840 1910 1831 1446 1591 1558 1644 1921 1774 1990 1818 1289 1292 1032 1355 1084 1283 1541 1368 1993 1935 1310 1989 1486 1180 1919 1129 1675 1620 1286 1345 1169 1365 1742 1697 1693 1285 1209 1233 1035 1171 1412 1162 1722 1795 1757 1378 1768 1637 1477 1245 1966 1172 1804 1871 1820 1794 1342 1318 BCNSPRNW ULIB Ver.6.0+V

เปลี่ยนเป็นภาษาไทย

Change to English
 แสดงรายละเอียดบรรณานุกรม
  กลับหน้าหลัก

Brief Record : Get Marc (ISO 2709) : E-mail record : QR code < ปิดหน้าต่าง
LEADER : 00000nam 2200000uu 4500
001    13399109917
003     ULIB
008    110418s2551||||th 000 0 tha d
020    9749508580
060 04 WE720^bม854ก 2551
100 0  มนูญ บัญชรเทวกุล
245 10 การป้องกันและแก้อาการปวดหลัง /^cมนูญ บัญชรเทวกุล
250    พิมพ์ครั้งที่7
260    กรุงเทพฯ :^bหมอชาวบ้าน ;^c2551
300    35 หน้า :^bภาพประกอบ ;^c21 ซม.
650  7 ปวดหลัง^xการรักษาด้วยการออกกำลังกาย
650  7 ปวดหลัง^xการป้องกันและควบคุม
650  7 กายบริหาร
945    ^p50^l0^i025343
945    ^p50^l0^i025342
945    ^p50^l0^i025341
945    ^p50^l0^i018480
945    ^p50^l0^i017785
945    ^p50^l0^i018479
995    ทศพร
999 ^a ใช้งานได้ทุกระบบ
รายการนี้ยังไม่มีแท็ก
คุณยังไม่ได้ล็อกอิน คุณสามารถมีกิจกรรมร่วมกับเว็บไซต์ได้ แต่ต้องล็อกอินก่อน ::
  ล็อกอิน

รายการสื่อสารสนเทศ

ลำดับที่ ประเภท เลขเรียก/บาร์โค้ด สถานที่ สถานะ
1. วิทยาศาสตร์การแพทย์ และสุขภาพ
วิทยาศาสตร์การแพทย์ และสุขภาพ
WE720 ม854ก 2551 ฉ.6 
  Barcode: 025343
ห้องสมุดวิทยาเขตสวรรค์ประชารักษ์
►ส่วนจัดเก็บหนังสือเก่า สปร
บนชั้น
  ขอยืม

รายการใกล้เคียง
    ผู้แต่ง [มนูญ บัญชรเทวกุล]

    หัวเรื่อง [กายบริหาร]

BibComment


ยังไม่เคยถูกคอมเมนท์

คอมเมนท์ทรัพยากรรายการนี้
  คอมเมนท์: การป้องกันและแก้อ..


 Copyright 2026. Bcnsprnw @Library